00727nam a2200205 a 450000100100000000500170001000800410002702000150006804000250008310000350010824500860014326000510022930000200028049000110030050400300031170000400034183000180038195201050039999900170050400004254620201002040227.0131211s1977 sp 000 0 spa d a8470780395 aDO-SdBNPbspacBNPHU1 aColas Latorre, Gregorio91894610aAragon bajo los Austrias. /cGregorio Colas Latorre, José Antonio Salas Ausent. aZaragoza, España :bLibreria General,c1977. a167 p ;c19 cm.1 aAragon aBibliografía p: 165-1671 aSalas Ausent, José Antonio969785 0aAragon969786 001050718MOaGRbGRcCTd2013-12-11iLF1l0o p42546-10r2020-06-25w2020-06-25y1ZNo se presta c42035d42035